Statistiques concernant Qui sont ces joueurs de Ligue 1 (23-24) ?

Cliquez ici pour prendre le quiz!

Statistiques générales

  • Ce quiz a été pris 48 fois
  • Le résultat moyen est 6 sur 18

Statistiques - réponses

Réponse% Correct
Laurent Abergel
77%
Cher Ndour
63%
Marquinhos
63%
Thomas Foket
56%
Skelly Alvero
47%
Joris Chotard
44%
Emran Soglo
40%
Ismail Jakobs
33%
Gabriel Gudmundsson
30%
Maximiliano Caufriez
30%
Achraf Dari
26%
Dilane Bakwa
26%
Loïc Nego
26%
Jeanuel Belocian
19%
Maxime Colin
16%
Oscar Cortés
14%
Denis Genreau
9%
Aliou Baldé
5%

Distribution des résultats

Percentile par nombre de réponses

% des personnes avec chaque résultat

Votre développement - résultats

Vous n’avez pas pris ce quiz